Giáo trình kỹ thuật xử lý nước thải

Nội dung khái quát về nước thải và kỹ thuật xử lý nước thải; xử lý nước thải bằng biện pháp lý học, hóa học, bằng các quá trình tự nhiên. Giáo trình sẽ giúp người đọc hiểu thêm về cách thu thập số liệu và quy trình thiết kế; mô...

Description complète

Enregistré dans:
Détails bibliographiques
Auteur principal: Lê, Hoàng Việt
Format: Livre
Langue:Undetermined
Publié: Cần Thơ Đại học Cần Thơ 2018
Sujets:
Tags: Ajouter un tag
Pas de tags, Soyez le premier à ajouter un tag!
Thư viện lưu trữ: Trung tâm Học liệu Trường Đại học Cần Thơ
LEADER 01509nam a2200241Ia 4500
001 CTU_227159
008 210402s9999 xx 000 0 und d
020 |c 60000 
082 |a 628.4 
082 |b V308/T.1 
100 |a Lê, Hoàng Việt 
245 0 |a Giáo trình kỹ thuật xử lý nước thải 
245 0 |c Lê Hoàng Việt, Nguyễn Võ Châu Ngân (Biên soạn) 
260 |a Cần Thơ 
260 |b Đại học Cần Thơ 
260 |c 2018 
520 |a Nội dung khái quát về nước thải và kỹ thuật xử lý nước thải; xử lý nước thải bằng biện pháp lý học, hóa học, bằng các quá trình tự nhiên. Giáo trình sẽ giúp người đọc hiểu thêm về cách thu thập số liệu và quy trình thiết kế; mô hình hóa một số quy trình tăng trưởng của vi sinh vật trong một số bể phản ứng; quy trình xử lý nước thải bằng bể bùn hoạt tính. Thêm vào đó cuối mỗi chương còn có nhiều tài liệu tham khảo hữu ích cho bạn đọc. 
526 |a Kỹ thuật xử lý nước thải 
526 |b MT338 
650 |a Sewerage,Hydraulic engineering,Thoát nước,Kỹ thuật thủy lực 
650 |x Purification,Lọc 
904 |i Tuyến 
980 |a Trung tâm Học liệu Trường Đại học Cần Thơ